| 000 | 00478nam a22001937a 4500 | ||
|---|---|---|---|
| 003 | CEME | ||
| 005 | 20210628202644.0 | ||
| 008 | 210125b xxu||||| |||| 00| 0 eng d | ||
| 020 | _a0-13-127772-3 | ||
| 040 | _c. | ||
| 082 | _a512.5 BRE | ||
| 100 |
_aBretscher, Otto _960940 |
||
| 245 | _aLinear algebra with applications | ||
| 250 | _a3RD | ||
| 260 |
_aNEW YORK _bPEARSON EDUCATION _c2005 |
||
| 300 | _aXV,469 P | ||
| 650 |
_aLINEAR ALGEBRA. _957395 |
||
| 942 |
_cBK _2ddc |
||
| 999 |
_c570537 _d570537 |
||